Statistics for Tundra biome threats

Click here to take the quiz!

General Stats

  • This quiz has been taken 3 times
  • The average score is 2 of 11

Answer Stats

answer% Correct
climate change
67%
mining
67%
gas industry
33%
human development
33%
oil industry
33%
black carbon
0%
global warming
0%
human settlement
0%
overgrazing
0%
overhunting
0%
over populating
0%

Score Distribution

Percentile by Number Answered

Percent of People with Each Score

Your Score History

You have not taken this quiz